000 00457nam a2200181Ia 4500
008 240925s9999 xx 000 0 und d
020 _a9789332586154
082 _a346.7307 SHE
100 _aSheth, Tejpal
245 0 _aBusiness Law
250 _a3rd
260 _aUttar Pradesh:
_bPearson Education Inc
_c,2017.
300 _a205p.
_b0
_fOriginal
500 _aIncludes Index
600 _aSocial Sciences
650 _aSocial Sciences
942 _cBK
999 _c15864
_d15864